Leaders During World War 2 - Statistics

General Stats
  • This quiz has been taken 39 times
    23 since last reset
  • The average score is 10 of 20
Answer Stats
Picture Hint Answer % Correct
Italy Benito Mussolini
100%
Soviet Union Joseph Stalin
100%
United Kingdom Winston Churchill
100%
Germany Adolf Hitler
94%
America Franklin D. Roosevelt
94%
(Communist) China Mao Zedong
89%
Japan Hirohito
83%
France Charles de Gaulle
72%
Yugoslavia Josip Broz Tito
61%
(Nationalist) China Chiang Kai-shek
56%
Romania Ion Antonescu
39%
Finland Carl Gustaf Emil Mannerheim
33%
Hungary Miklós Horthy
28%
Greece Ioannis Metaxas
22%
Belgium King Leopold III
22%
Canada William Lyon Mackenzie King
17%
Poland Władysław Sikorski
17%
Norway Johan Nygaardsvold
6%
Netherlands Pieter Sjoerds Gerbrandy
6%
Thailand Plaek Phibunsongkhram
6%
No matching quizzes found
Score Distribution
Percent of People with Each Score
Percentile by Number Answered
Your Score History
You have not taken this quiz since the last reset